000 01258cam a22002775a 4500
001 L159420
002
008 150617s2016 xxk f 001 0 eng d
020 _a9781784460518
035 _a(Sirsi) u159420
041 0 _aeng
050 0 4 _a346.4104346 $2 18
100 1 _aSykes, Christopher
245 0 0 _aLeasehold enfranchisement and the right to manage
_ba practical guide
250 _a3 ed
260 _aLondon
_bThe Law Society
_c2016
300 _axxv, 444p.
_c24cm. +
_e1 compact disc
520 _aExplains the rights of long leaseholders to acquire the freehold of their property, extend the term of their lease and exercise their right to manage a property. Deals with the organisation of collective enfranchisement claims and right to manage claims, as well as for the individual rights to extend the lease of a house or flat and obtain the freehold of a house. Includes a CD-ROM giving access to forms, precedents and extracts from legislation.
590 _aKA
650 2 4 _aCOMMONHOLD AND LEASEHOLD REFORM ACT 2002
650 2 4 _aLEASEHOLD REFORM ACT 1967
650 2 4 _aLEASEHOLD REFORM, HOUSING AND HOUSING DEVELOPMENT ACT 1993 S170
651 4 _aUnited Kingdom
_y
690 _aLandlord and tenant
_96252
942 _n0
999 _c115884
_d115884